| 000 | 01703cam a2200157 4500500 | ||
|---|---|---|---|
| 005 | 20260405085536.0 | ||
| 041 | _afre | ||
| 042 | _adc | ||
| 100 | 1 | 0 |
_aBourdeu, Étienne _eauthor |
| 700 | 1 | 0 |
_aCénat, Jean-Philippe _eauthor |
| 700 | 1 | 0 |
_aRichardson, David _eauthor |
| 245 | 0 | 0 | _aLes Temps modernes : XVIe-XVIIIe siècle |
| 260 |
_bArmand Colin,
_c2018. |
||
| 520 | _aDe la Renaissance aux Lumières, la trajectoire historique semble rectiligne. Pourtant, l’Europe moderne est agitée par nombre de conflits, guerres de Religion, révoltes... Faisant le point sur cette période grâce à trois grandes parties chronologiques, ce livre s’adresse aux étudiants de L1 comme à ceux de CPGE ou à ceux qui préparent les concours de l’enseignement. Les différents aspects (politiques, socio-économiques, culturels…) de la période sont traités de façon claire et synthétique, en tenant compte des apports récents de l’historiographie.Ce manuel s’organise autour de trois temps forts :• COURS : chaque chapitre est structuré comme un cours (introduction, problématique, synthèse), accompagné d’outils (définitions, biographies, citations, zooms) et de mises au point sur des aspects essentiels de la période.• MÉTHODES : des exemples corrigés de dissertations et de commentaires de documents et d’images sont proposés, avec des fiches méthodes pour maîtriser ces exercices.• ATLAS : un atlas de seize cartes inédites en couleur complète ce livre.Tous les compléments numériques sont disponibles dans la rubrique "ressources numériques" | ||
| 856 | 4 | 1 | _uhttps://shs.cairn.info/les-temps-modernes--9782200618414?lang=fr&redirect-ssocas=7080 |
| 999 |
_c2198376 _d2198376 |
||